000 00216 a2200097 4500
001 46272
100 _aHava, J
245 _aArabic- English dictionary
260 _aBeirut
_bCatholic Press
_c
090 _c29379
_d29379
942 _aNUST-CAE
_cM
_c21534
999 _c281345
_d281345